[Event "ESP-chT CECLUB Div2"]
[Site "Linares"]
[Date "2020.08.25"]
[Round "3.2"]
[White "Santos Martinez, Guillermo"]
[Black "Ruiz Marana, Alejandro"]
[Result "1-0"]
[WhiteElo "1928"]
[BlackElo "2262"]
[PlyCount "67"]
[EventDate "2020.08.24"]
[EventType "team-tourn"]
[EventRounds "6"]
[EventCountry "ESP"]
[SourceTitle "CBM 198 Extra"]
[Source "ChessBase"]
[SourceDate "2020.11.30"]
[SourceVersion "1"]
[SourceVersionDate "2020.11.30"]
[SourceQuality "1"]
[WhiteTeam "Valladolid Promesas"]
[BlackTeam "Salcedo CC"]
[WhiteTeamCountry "ESP"]
[BlackTeamCountry "ESP"]

1. d4 d5 2. Nf3 Nf6 3. c4 e6 4. Nc3 a6 5. Bg5 dxc4 6. e4 b5 7. e5 h6 8. Bh4 g5 9. Nxg5 hxg5 10. Bxg5 Nbd7 11. exf6 Nb6 12. Be2 Bb7 13. Bf3 Bxf3 14. Qxf3 Bb4 15. 0-0 Bxc3 16. bxc3 Qd5 17. Qg3 0-0-0 18. Rfe1 Rdg8 19. h4 Kb7 20. Re5 Qd6 21. f4 Nd5 22. f5 exf5 23. Qf3 c6 24. Rae1 Rd8 25. Qxf5 Rd7 26. Qf3 Rg8 27. h5 Nc7 28. h6 Ne6 29. h7 Rh8 30. Rxe6 fxe6 31. f7 Qf8 32. Rxe6 Rxf7 33. Qxc6+ Kb8 34. Bf4+ 1-0

[Event "Bayonne op 2nd"]
[Site "Bayonne"]
[Date "2018.04.29"]
[Round "3"]
[White "Le Roux, Jean Pierre"]
[Black "Ruiz Marana, Alejandro"]
[Result "1-0"]
[WhiteElo "2554"]
[BlackElo "2250"]
[PlyCount "87"]
[EventDate "2018.04.28"]
[EventType "swiss"]
[EventRounds "7"]
[EventCountry "FRA"]
[SourceTitle "CBM 184 Extra"]
[Source "ChessBase"]
[SourceDate "2018.06.28"]
[SourceVersion "1"]
[SourceVersionDate "2018.06.28"]
[SourceQuality "1"]

1. d4 d5 2. Nf3 Nf6 3. c4 c6 4. Nbd2 g6 5. e3 Bg7 6. Be2 0-0 7. 0-0 b6 8. b4 Nbd7 9. Bb2 Bb7 10. a4 c5 11. dxc5 bxc5 12. b5 Qc7 13. Rc1 Rfd8 14. Qb3 e6 15. Rfd1 Rac8 16. h3 Ba8 17. Qa2 Ne4 18. Bxg7 Kxg7 19. Qa1+ f6 20. cxd5 Nxd2 21. Rxd2 Bxd5 22. Qc3 Bxf3 23. Bxf3 Ne5 24. Be2 Rxd2 25. Qxd2 c4 26. Qc3 Qb6 27. Rd1 a6 28. Rb1 axb5 29. Rxb5 Qc7 30. a5 Nf7 31. Bf3 Nd6 32. Rb6 Qc5 33. Rb1 Rc7 34. a6 e5 35. Bb7 Kf7 36. Qa1 Qa7 37. Qa5 Ne8 38. Bd5+ Kf8 39. Qa3+ Kg7 40. Bxc4 Qa8 41. Be2 Ra7 42. Qc5 Kh6 43. Qf8+ Ng7 44. Qxf6 1-0

[Event "Mont de Marsan Noel op 14th"]
[Site "Mont de Marsan"]
[Date "2017.12.26"]
[Round "4"]
[White "Etchegaray, Patrice"]
[Black "Ruiz Marana, Alejandro"]
[Result "1-0"]
[WhiteElo "2362"]
[BlackElo "2232"]
[PlyCount "85"]
[EventDate "2017.12.26"]
[EventType "swiss"]
[EventRounds "9"]
[EventCountry "FRA"]
[SourceTitle "EXT 2019"]
[Source "ChessBase"]
[SourceDate "2018.10.10"]
[SourceVersion "1"]
[SourceVersionDate "2018.10.10"]
[SourceQuality "1"]

1. d4 d5 2. Bf4 Nf6 3. e3 c5 4. c3 Qb6 5. Qb3 c4 6. Qc2 g6 7. Nd2 Bf5 8. Qc1 Bg7 9. Ngf3 0-0 10. h3 Nc6 11. Be2 Qd8 12. Ne5 Nxe5 13. Bxe5 b5 14. 0-0 Qb6 15. Re1 Rfd8 16. a4 a6 17. axb5 axb5 18. Rxa8 Rxa8 19. Bxf6 Qxf6 20. Bf3 Qg5 21. Bxd5 Rd8 22. f4 Qf6 23. Bf3 Bd3 24. Ne4 Qb6 25. Nc5 Bf5 26. e4 Bc8 27. e5 f5 28. Qe3 e6 29. Ra1 Bf8 30. Ra8 Be7 31. b4 cxb3 32. Nxb3 Kf7 33. Kh2 Kg7 34. Qf2 Kf7 35. Qa2 Bb7 36. Bxb7 Qxb7 37. Rxd8 Bxd8 38. Nc5 Qc6 39. Qa7+ Be7 40. Qb7 Qxb7 41. Nxb7 b4 42. cxb4 Bxb4 43. Nd8+ 1-0

[Event "Mont de Marsan Noel op 14th"]
[Site "Mont de Marsan"]
[Date "2017.12.26"]
[Round "8"]
[White "Lagarde, Maxime"]
[Black "Ruiz Marana, Alejandro"]
[Result "1-0"]
[WhiteElo "2586"]
[BlackElo "2232"]
[PlyCount "85"]
[EventDate "2017.12.26"]
[EventType "swiss"]
[EventRounds "9"]
[EventCountry "FRA"]
[SourceTitle "EXT 2019"]
[Source "ChessBase"]
[SourceDate "2018.10.10"]
[SourceVersion "1"]
[SourceVersionDate "2018.10.10"]
[SourceQuality "1"]

1. e4 e5 2. Nf3 d6 3. d4 Nd7 4. c4 Ngf6 5. Nc3 Be7 6. Be2 0-0 7. 0-0 c6 8. Rb1 a6 9. b4 Re8 10. Qc2 Bf8 11. Rd1 Qc7 12. Bg5 b6 13. d5 cxd5 14. cxd5 Bb7 15. Rdc1 Rec8 16. Nd2 Qd8 17. Nc4 Rc7 18. a4 Rac8 19. Qb3 Be7 20. Be3 Nxe4 21. Nxe4 Bxd5 22. Nexd6 Bxd6 23. Qd1 Bxc4 24. Bxc4 Rxc4 25. Rxc4 Rxc4 26. Qxd6 Qc7 27. Qe7 Qc6 28. h3 Nf8 29. a5 b5 30. Bc5 Ne6 31. Rd1 h6 32. Rd7 Rf4 33. Be3 Rf5 34. Qd6 Qe4 35. Qxa6 Qxb4 36. Qc8+ Kh7 37. Qc2 g6 38. Qa2 Nc5 39. Rxf7+ Kh8 40. Rxf5 gxf5 41. Qd5 Qb1+ 42. Kh2 Nd3 43. a6 1-0

[Event "Riscle-A"]
[Site "Riscle"]
[Date "2017.08.07"]
[Round "3"]
[White "Ruiz Marana, Alejandro"]
[Black "Gvanceladze, Anna"]
[Result "1-0"]
[WhiteElo "2235"]
[BlackElo "2281"]
[PlyCount "61"]
[EventDate "2017.08.07"]
[EventType "tourn"]
[EventRounds "7"]
[EventCountry "FRA"]
[SourceTitle "EXT 2019"]
[Source "ChessBase"]
[SourceDate "2018.10.10"]
[SourceVersion "1"]
[SourceVersionDate "2018.10.10"]
[SourceQuality "1"]

1. d4 d5 2. c4 c6 3. Nf3 Nf6 4. e3 g6 5. Be2 Bg7 6. 0-0 0-0 7. Nc3 e6 8. b3 Nbd7 9. Bb2 b6 10. Qc2 Bb7 11. Rfd1 Re8 12. Rac1 Rc8 13. Bd3 Qc7 14. Qe2 Qb8 15. Rc2 Rcd8 16. h3 Qa8 17. cxd5 exd5 18. Ba6 Bf8 19. Rdc1 h6 20. Na4 Re6 21. Bxb7 Qxb7 22. Ne5 Nxe5 23. dxe5 Ne4 24. Nc3 Nxc3 25. Bxc3 Bg7 26. b4 Qe7 27. a3 Rc8 28. Qd3 Qb7 29. e4 Rd8 30. f4 dxe4 31. Qxd8+ 1-0

[Event "Erandio op 23rd"]
[Site "Erandio"]
[Date "2014.12.20"]
[Round "1"]
[White "Gutierrez Renedo, Manuel"]
[Black "Ruiz Marana, Alejandro"]
[Result "0-1"]
[WhiteElo "1733"]
[BlackElo "2173"]
[PlyCount "52"]
[EventDate "2014.12.20"]
[EventType "swiss"]
[EventRounds "8"]
[EventCountry "ESP"]
[SourceTitle "CBM 164 Extra"]
[Source "ChessBase"]
[SourceDate "2015.03.02"]
[SourceVersion "1"]
[SourceVersionDate "2015.03.02"]
[SourceQuality "1"]

1. b3 d5 2. Bb2 Nf6 3. e3 c5 4. f4 Nc6 5. Bb5 Qb6 6. a4 Bd7 7. Nf3 e6 8. 0-0 Be7 9. Bxc6 Bxc6 10. Ne5 0-0 11. Nxc6 bxc6 12. Qe1 c4 13. Ba3 Bxa3 14. Rxa3 cxb3 15. Rxb3 Qc5 16. Qc1 d4 17. Re1 Rad8 18. Kh1 Nd5 19. Qb2 Nb6 20. exd4 Rxd4 21. Re5 Qd6 22. a5 Nc4 23. Qc3 Nxe5 24. fxe5 Qxe5 25. d3 Rf4 26. g3 Qe2 0-1

[Event "ESP-chT CECLUB Div1 GpB"]
[Site "Don Benito"]
[Date "2012.08.02"]
[Round "4"]
[White "Ruiz Marana, Alejandro"]
[Black "Mirzoev, Azer"]
[Result "0-1"]
[WhiteElo "2210"]
[BlackElo "2545"]
[PlyCount "82"]
[EventDate "2012.07.30"]
[EventType "team"]
[EventRounds "5"]
[EventCountry "ESP"]
[SourceTitle "CBM 149 Extra"]
[Source "ChessBase"]
[SourceDate "2012.08.24"]
[SourceVersion "1"]
[SourceVersionDate "2012.08.24"]
[SourceQuality "1"]
[WhiteTeam "Regatas"]
[BlackTeam "Ciudad de Don Benito"]
[WhiteTeamCountry "ESP"]
[BlackTeamCountry "ESP"]

1. e4 e5 2. Nc3 Nc6 3. Bc4 Bc5 4. d3 d6 5. Na4 Nge7 6. Nf3 h6 7. c3 Bb6 8. Nxb6 axb6 9. Bb3 Ng6 10. 0-0 Qf6 11. h3 Be6 12. Bc2 0-0 13. d4 Nce7 14. a3 Nf4 15. Kh2 Neg6 16. Ng1 Bc4 17. Re1 Nh4 18. g3 Nd3 19. f4 Nxe1 20. Qxe1 exd4 21. gxh4 d3 22. Bd1 Rfe8 23. Bf3 Bd5 24. e5 Bxf3 25. Nxf3 dxe5 26. Nxe5 Qf5 27. Qg3 f6 28. Nf3 Re2+ 29. Kg1 Qc5+ 30. Kf1 Qd5 31. Bd2 Rae8 32. Re1 Rxe1+ 33. Bxe1 Re2 34. Bd2 Qb3 35. Qg4 Qd1+ 36. Be1 h5 37. Qg3 Rxe1+ 38. Qxe1 Qxf3+ 39. Kg1 Kh7 40. Qf1 Qxf1+ 41. Kxf1 Kg6 0-1

[Event "Pielagos op 17th"]
[Site "Pielagos"]
[Date "2011.09.02"]
[Round "8"]
[White "Ruiz Marana, Alejandro"]
[Black "Gomez Ledo, Roberto Carlos"]
[Result "1/2-1/2"]
[WhiteElo "2198"]
[BlackElo "2428"]
[PlyCount "67"]
[EventDate "2011.08.27"]
[EventType "swiss"]
[EventRounds "9"]
[EventCountry "ESP"]
[SourceTitle "CBM 144 Extra"]
[Source "ChessBase"]
[SourceDate "2011.10.28"]
[SourceVersion "1"]
[SourceVersionDate "2011.10.28"]
[SourceQuality "1"]

1. d4 d5 2. Nf3 Nf6 3. Bf4 e6 4. e3 c5 5. c3 Nc6 6. Nbd2 Bd6 7. Ne5 Qc7 8. Bb5 0-0 9. Bxc6 bxc6 10. Qa4 Nh5 11. Bg3 f6 12. Nd3 Nxg3 13. hxg3 c4 14. Nc5 e5 15. 0-0 e4 16. b3 cxb3 17. axb3 f5 18. c4 Bxc5 19. dxc5 Be6 20. Rfd1 g5 21. cxd5 cxd5 22. Qd4 a5 23. Ra3 Rab8 24. Rc1 Rb4 25. Qc3 Rb5 26. c6 Qg7 27. Qc2 Rc8 28. Qa2 Qc7 29. Qa1 Qg7 30. Rxa5 Qxa1 31. Rcxa1 Rb6 32. c7 Kf7 33. Rc5 Ke7 34. f3 1/2-1/2

[Event "ESP-chT CECLUB Div2 Gp1"]
[Site "Padron"]
[Date "2011.08.14"]
[Round "6"]
[White "Ruiz Marana, Alejandro"]
[Black "Tetimov, Ivan"]
[Result "1/2-1/2"]
[WhiteElo "2198"]
[BlackElo "2009"]
[PlyCount "101"]
[EventDate "2011.08.10"]
[EventType "team-swiss"]
[EventRounds "6"]
[EventCountry "ESP"]
[SourceTitle "CBM 143 Extra"]
[Source "ChessBase"]
[SourceDate "2011.08.29"]
[SourceVersion "1"]
[SourceVersionDate "2011.08.29"]
[SourceQuality "1"]
[WhiteTeam "Regatas"]
[BlackTeam "San Juan"]
[WhiteTeamCountry "ESP"]
[BlackTeamCountry "ESP"]

1. e4 c6 2. d4 d5 3. e5 Bf5 4. Nf3 e6 5. Be2 c5 6. Be3 Qb6 7. Nc3 Nc6 8. 0-0 c4 9. b3 Qa5 10. Bd2 Bb4 11. Qe1 b5 12. a3 Bxc3 13. Bxc3 Qd8 14. a4 a6 15. Qd2 Nge7 16. axb5 axb5 17. Rxa8 Qxa8 18. Nh4 0-0 19. bxc4 bxc4 20. Nxf5 Nxf5 21. g4 Nfe7 22. f4 f5 23. exf6 Rxf6 24. Qe3 Qa7 25. Kg2 Qa2 26. Bd1 Rg6 27. Kh1 Qa7 28. Bf3 Rf6 29. Bg2 h6 30. Bh3 Qd7 31. Be1 Ng6 32. Bg3 Nf8 33. Re1 Nb4 34. Qd2 Qa4 35. Rc1 Qa3 36. Rb1 c3 37. Qd1 Qa4 38. g5 hxg5 39. fxg5 Rf7 40. g6 Rf6 41. Bd6 Qxc2 42. Bxb4 Qe4+ 43. Bg2 c2 44. Bxe4 cxd1Q+ 45. Rxd1 dxe4 46. Bxf8 Kxf8 47. Re1 Rf4 48. Kg2 Rg4+ 49. Kf2 Ke7 50. h3 Rxg6 51. Rxe4 1/2-1/2

[Event "ESP-ch 74th"]
[Site "Palma de Mallorca"]
[Date "2009.10.02"]
[Round "7"]
[White "Ruiz Marana, Alejandro"]
[Black "Vega Gutierrez, Sabrina Neide"]
[Result "0-1"]
[WhiteElo "2204"]
[BlackElo "2357"]
[PlyCount "82"]
[EventDate "2009.09.26"]
[EventType "swiss"]
[EventRounds "9"]
[EventCountry "ESP"]
[SourceTitle "CBM 132 Extra"]
[Source "ChessBase"]
[SourceDate "2009.11.03"]
[SourceVersion "1"]
[SourceVersionDate "2009.11.03"]
[SourceQuality "1"]
[WhiteTeam "Cantabria"]
[BlackTeam "Canarias"]
[WhiteTeamCountry "ESP"]
[BlackTeamCountry "ESP"]

1. d4 d5 2. Nf3 Nf6 3. c4 dxc4 4. g3 e6 5. Bg2 c5 6. Qa4+ Nc6 7. 0-0 Bd7 8. Qxc4 b5 9. Qd3 c4 10. Qd1 Rc8 11. b3 Be7 12. a4 Na5 13. axb5 Nxb3 14. Rxa7 Qb6 15. Ra2 Nd5 16. Ba3 Bxa3 17. Rxa3 0-0 18. e4 Nb4 19. Nc3 Bxb5 20. d5 exd5 21. exd5 Nd3 22. Nd2 Nxd2 23. Qxd2 Bd7 24. Rfa1 Rb8 25. Be4 Qd4 26. Qe3 Qxe3 27. fxe3 Ne5 28. d6 Rb6 29. Ra6 Rxa6 30. Rxa6 Rb8 31. Bd5 g6 32. Ra7 Rb3 33. Ne4 Kg7 34. Nc5 Rb1+ 35. Kf2 c3 36. Be4 Rb2+ 37. Ke1 Bg4 38. d7 Re2+ 39. Kf1 Rd2 40. Ra3 c2 41. Bxc2 Nf3 0-1

[Event "ESP-ch 74th"]
[Site "Palma de Mallorca"]
[Date "2009.10.01"]
[Round "6"]
[White "Miguelez Garcia, Erlantz"]
[Black "Ruiz Marana, Alejandro"]
[Result "0-1"]
[WhiteElo "1948"]
[BlackElo "2204"]
[PlyCount "83"]
[EventDate "2009.09.26"]
[EventType "swiss"]
[EventRounds "9"]
[EventCountry "ESP"]
[SourceTitle "CBM 132 Extra"]
[Source "ChessBase"]
[SourceDate "2009.11.03"]
[SourceVersion "1"]
[SourceVersionDate "2009.11.03"]
[SourceQuality "1"]

1. c4 e5 2. Nc3 Nc6 3. g3 f5 4. Bg2 Nf6 5. d3 Bb4 6. Bg5 0-0 7. e3 Bxc3+ 8. bxc3 d6 9. Rb1 Qe8 10. Bxf6 Rxf6 11. Nf3 Rb8 12. 0-0 Bd7 13. Ne1 b6 14. Nc2 a5 15. Qd2 f4 16. exf4 exf4 17. Rbe1 Qh5 18. Bd5+ Kh8 19. f3 fxg3 20. hxg3 Rh6 21. f4 Rf8 22. Qg2 Bh3 23. Qf2 Bxf1 24. Rxf1 Ne7 25. Bf3 Qh3 26. Qg2 Nf5 27. g4 Qxg2+ 28. Bxg2 Nh4 29. Bd5 Rhf6 30. Kh2 Rxf4 31. Rxf4 Rxf4 32. Kg3 g5 33. Nd4 Rf1 34. Ne6 Rg1+ 35. Kf2 Rxg4 36. Nxc7 Rf4+ 37. Kg3 Nf5+ 38. Kh2 g4 39. Be4 Rf2+ 40. Kg1 g3 41. Nd5 h5 42. Nxb6 0-1

[Event "ESP-chT CECLUB Norte Div 1"]
[Site "Sabadell"]
[Date "2007.08.19"]
[Round "6"]
[White "Ruiz Marana, Alejandro"]
[Black "Roca Diaz, Miguel Angel"]
[Result "1-0"]
[WhiteElo "2138"]
[BlackElo "2088"]
[PlyCount "37"]
[EventDate "2007.08.15"]
[EventType "team"]
[EventRounds "6"]
[EventCountry "ESP"]
[SourceTitle "CBM 119 Extra"]
[Source "ChessBase"]
[SourceDate "2007.09.04"]
[SourceVersion "1"]
[SourceVersionDate "2007.09.04"]
[SourceQuality "1"]

1. e4 g6 2. d4 c5 3. c3 cxd4 4. cxd4 d5 5. e5 Nc6 6. Nc3 Nh6 7. Nge2 Nf5 8. g3 h5 9. Bg2 e6 10. 0-0 h4 11. h3 hxg3 12. fxg3 Bh6 13. Bxh6 Rxh6 14. Qd2 Rh7 15. g4 Nh4 16. Nb5 Nxg2 17. Kxg2 Qh4 18. Rf3 Bd7 19. Nc7+ 1-0

[Event "ESP-ch Student"]
[Site "Cartagena"]
[Date "2007.05.07"]
[Round "2"]
[White "Ruiz Marana, Alejandro"]
[Black "Rabadan Velasco, Raul"]
[Result "1/2-1/2"]
[WhiteElo "2134"]
[BlackElo "2281"]
[PlyCount "57"]
[EventDate "2007.05.06"]
[EventType "swiss"]
[EventRounds "9"]
[EventCountry "ESP"]
[SourceTitle "CBM 118 Extra"]
[Source "ChessBase"]
[SourceDate "2007.07.04"]
[SourceVersion "1"]
[SourceVersionDate "2007.07.04"]
[SourceQuality "1"]

1. e4 c5 2. Nc3 d6 3. g3 g6 4. Bg2 Bg7 5. d3 Nc6 6. Be3 Rb8 7. Nge2 b5 8. Qd2 b4 9. Nd1 a5 10. 0-0 a4 11. c3 a3 12. bxa3 bxc3 13. Ndxc3 Nd4 14. Rab1 Bd7 15. f4 Rxb1 16. Rxb1 Nh6 17. Kh1 Ng4 18. Bg1 h5 19. Nxd4 Bxd4 20. Ne2 Bxg1 21. Kxg1 0-0 22. h3 Nf6 23. d4 Qa8 24. e5 Ne4 25. Qd3 Bc6 26. Rb6 Bd5 27. dxc5 dxc5 28. Nc3 Nxc3 29. Rxg6+ 1/2-1/2

[Event "ESP-ch op"]
[Site "Leon"]
[Date "2006.11.29"]
[Round "8"]
[White "Tattersall, Lester William"]
[Black "Ruiz Marana, Alejandro"]
[Result "1-0"]
[WhiteElo "2254"]
[BlackElo "2114"]
[PlyCount "105"]
[EventDate "2006.11.22"]
[EventType "swiss"]
[EventRounds "9"]
[EventCountry "ESP"]
[SourceTitle "CBM 115 Extra"]
[Source "ChessBase"]
[SourceDate "2007.01.10"]
[SourceVersion "1"]
[SourceVersionDate "2007.01.10"]
[SourceQuality "1"]

1. Nf3 Nf6 2. g3 g6 3. Bg2 Bg7 4. 0-0 0-0 5. d3 d5 6. c3 c6 7. Qc2 Qc7 8. Bf4 Qb6 9. e4 Nbd7 10. e5 Ne8 11. Nbd2 Qd8 12. e6 fxe6 13. Rfe1 Ndf6 14. Ng5 Nh5 15. Be5 Bf6 16. f4 Nd6 17. d4 Ng7 18. g4 Qe8 19. Re3 b6 20. Rh3 Bxg5 21. fxg5 Ba6 22. Bf1 Bxf1 23. Rxf1 Rxf1+ 24. Kxf1 c5 25. Re3 cxd4 26. Bxd4 Nb5 27. Be5 Rc8 28. Nf3 Qc6 29. Nd4 Nxd4 30. Bxd4 Rf8+ 31. Kg1 Qc4 32. Qe2 Qxe2 33. Rxe2 Rf4 34. h3 Kf7 35. Bxg7 Kxg7 36. Rxe6 Kf7 37. Rc6 Ra4 38. a3 Rc4 39. Rxc4 dxc4 40. Kf2 Ke6 41. Ke3 Ke5 42. Kf3 b5 43. Ke3 Kd5 44. Kf4 e5+ 45. Kf3 e4+ 46. Kf4 a6 47. h4 a5 48. h5 b4 49. a4 b3 50. h6 e3 51. Kxe3 Ke5 52. Kf3 Ke6 53. Ke4 1-0